[Event "Heart of Finland op 32nd"]
[Site "Jyvaskyla"]
[Date "2024.07.19"]
[Round "7"]
[White "Jaakkola, Niklas"]
[Black "Hesham, Abdelrahman"]
[Result "0-1"]
[WhiteElo "2047"]
[BlackElo "2392"]
[PlyCount "186"]
[EventDate "2024.07.15"]
[EventType "swiss"]
[EventRounds "9"]
[EventCountry "FIN"]
[SourceTitle "CBM 221 Extra"]
[Source "ChessBase"]
[SourceDate "2024.09.30"]
[SourceVersion "1"]
[SourceVersionDate "2024.09.30"]
[SourceQuality "1"]

1. e4 e5 2. Nf3 Nc6 3. Bb5 a6 4. Ba4 Nf6 5. 0-0 b5 6. Bb3 Bb7 7. c3 Nxe4 8. Re1 d5 9. d3 Nc5 10. Nxe5 Nxe5 11. Rxe5+ Be7 12. d4 Nxb3 13. axb3 0-0 14. Nd2 b4 15. Nf3 Qd7 16. Re1 Bd6 17. Ne5 Qf5 18. Qd3 Bc8 19. Qxf5 Bxf5 20. Nc6 Rfe8 21. Rxe8+ Rxe8 22. Be3 bxc3 23. bxc3 Bc2 24. b4 Bd3 25. Na5 Rb8 26. Nb3 f5 27. Nc5 Bb5 28. g3 Kf7 29. Ra5 Rb6 30. f4 Be7 31. Kf2 Kg6 32. h4 Kh5 33. Kf3 Kg6 34. Kf2 Kf7 35. Kf3 Bd8 36. Bc1 Ke7 37. Kf2 Bc4 38. Ra3 Bb5 39. Ra5 Kf7 40. Be3 Kg6 41. Kf3 Kh5 42. Bd2 h6 43. Ra1 Bf6 44. Be3 Rb8 45. Ra5 Ra8 46. Ne6 Ra7 47. Ra1 c6 48. Nc5 Bd8 49. Bc1 Re7 50. Be3 Bb6 51. Ra2 Ra7 52. Bc1 Bc7 53. Ra1 Bd6 54. Be3 Re7 55. Ra2 Bc4 56. Ra1 Bb8 57. Re1 Ra7 58. Ra1 Bd6 59. Bd2 Be7 60. Be3 Bf6 61. Bd2 Bb5 62. Be3 Re7 63. Rh1 Bc4 64. Re1 g5 65. hxg5 hxg5 66. fxg5 Bxg5 67. Bd2 Rxe1 68. Bxe1 Bc1 69. Ne6 Bb3 70. Nf4+ Kh6 71. Ne2 Bd1 72. Kf2 Bxe2 73. Kxe2 Kh5 74. Kf3 Bh6 75. Kg2 Kg4 76. Kf2 Bg5 77. Ke2 Bd8 78. Kf2 Bc7 79. Kg2 f4 80. gxf4 Bxf4 81. Kf2 Bg3+ 82. Ke2 Bxe1 83. Kxe1 Kf3 84. Kd2 Kf2 85. Kd3 Ke1 86. c4 Kf2 87. Kd2 Kf3 88. cxd5 cxd5 89. Kd3 Kf4 90. Kc3 Ke3 91. Kb3 Kxd4 92. Ka4 Kc4 93. Ka5 d4 0-1

[Event "FIN-chT 2324"]
[Site "Finland"]
[Date "2024.01.14"]
[Round "8.8"]
[White "Soppela, Jouni"]
[Black "Jaakkola, Niklas"]
[Result "1-0"]
[WhiteElo "2025"]
[BlackElo "2040"]
[PlyCount "57"]
[EventDate "2023.09.23"]
[EventType "team-tourn"]
[EventRounds "11"]
[EventCountry "FIN"]
[SourceTitle "EXT 2025"]
[Source "ChessBase"]
[SourceDate "2024.10.14"]
[SourceVersion "1"]
[SourceVersionDate "2024.10.14"]
[SourceQuality "1"]
[WhiteTeam "Jyvaskyla JyS"]
[BlackTeam "Tampere Tammer"]
[WhiteTeamCountry "FIN"]
[BlackTeamCountry "FIN"]

1. e4 c5 2. Nf3 d6 3. c3 Nf6 4. Bc4 Nc6 5. Qe2 Bg4 6. h3 Bh5 7. d3 e6 8. Bf4 Be7 9. Nbd2 d5 10. Bb3 d4 11. g4 Bg6 12. Ba4 0-0 13. Bxc6 bxc6 14. Ne5 Rc8 15. Ndc4 Nd7 16. h4 Nxe5 17. Nxe5 Bxh4 18. Qf1 Qf6 19. Bh2 Rfd8 20. c4 h5 21. Bg1 Qxe5 22. Rxh4 hxg4 23. Rxg4 Bh5 24. Rg3 g6 25. Bh2 Qf6 26. Qg2 e5 27. Rg5 Kh7 28. Bxe5 Qe7 29. Rxh5+ 1-0

[Event "Heart of Finland op 31st"]
[Site "Jyvaskyla"]
[Date "2023.07.20"]
[Round "5"]
[White "Jaakkola, Niklas"]
[Black "Parkkinen, Jyrki"]
[Result "1-0"]
[WhiteElo "1946"]
[BlackElo "2086"]
[PlyCount "177"]
[EventDate "2023.07.17"]
[EventType "swiss"]
[EventRounds "9"]
[EventCountry "FIN"]
[SourceTitle "CBM 215 Extra"]
[Source "ChessBase"]
[SourceDate "2023.09.30"]
[SourceVersion "1"]
[SourceVersionDate "2023.09.30"]
[SourceQuality "1"]

1. e4 e6 2. d4 d5 3. Nc3 dxe4 4. Nxe4 Bd7 5. Nf3 Bc6 6. Bd3 Nd7 7. c3 Ngf6 8. Nxf6+ Nxf6 9. 0-0 Bxf3 10. Qxf3 c6 11. Bd2 Qd5 12. Qe2 Be7 13. a4 0-0 14. b4 Rfe8 15. Rfe1 Rad8 16. Rad1 a6 17. a5 Qd7 18. g3 Nd5 19. Qe4 g6 20. Bc2 Bf8 21. Re2 Bg7 22. Rde1 Rf8 23. h4 Rfe8 24. Kg2 Nf6 25. Qd3 Qd5+ 26. Kg1 Qf5 27. Qxf5 exf5 28. Rxe8+ Rxe8 29. Rxe8+ Nxe8 30. Kf1 Kf8 31. Ke2 Ke7 32. Kd3 Nc7 33. Bb3 h6 34. c4 Kd7 35. d5 cxd5 36. cxd5 Nb5 37. Be3 Nd6 38. Ba4+ Kc7 39. Bf4 f6 40. f3 g5 41. Be3 f4 42. Bb6+ Kc8 43. Bc5 Kc7 44. Bb6+ Kc8 45. Bc5 Kc7 46. Bf2 fxg3 47. Bxg3 f5 48. hxg5 hxg5 49. Bh2 Bb2 50. Bg3 Bg7 51. Bh2 Bb2 52. Be8 Bg7 53. Bf7 Kd7 54. Be6+ Ke7 55. Bg1 Be5 56. Ba7 g4 57. fxg4 fxg4 58. Bxg4 Kd8 59. Bb6+ Ke7 60. Bh3 Ke8 61. Bc7 Ke7 62. Kc2 Bg3 63. Kb3 Be1 64. Be6 Bf2 65. Bb8 Bg1 66. Kc3 Bf2 67. Kb3 Be3 68. Bc7 Bf2 69. Kb2 Be1 70. Kb3 Bf2 71. Bb6 Bg3 72. Bc5 Kd8 73. Kc2 Be5 74. Kd3 Kc7 75. Ke3 Kb8 76. Kf3 Kc7 77. Kg4 Kb8 78. Kh5 Kc7 79. Kg6 Kb8 80. Kh7 Kc7 81. Kg8 Nc4 82. Kf7 b6 83. Ke7 bxa5 84. bxa5 Bd6+ 85. Bxd6+ Nxd6 86. Bh3 Nb7 87. Bf1 Nxa5 88. d6+ Kb6 89. Bg2 1-0

[Event "Nordic-ch U11"]
[Site "Torshavn"]
[Date "2021.09.12"]
[Round "6"]
[White "Cong, Guanbo"]
[Black "Jaakkola, Niklas"]
[Result "0-1"]
[WhiteElo "1552"]
[BlackElo "1759"]
[PlyCount "138"]
[EventDate "2021.09.10"]
[EventType "swiss"]
[EventRounds "6"]
[EventCountry "FAI"]
[SourceTitle "EXT 2023"]
[Source "ChessBase"]
[SourceDate "2022.10.05"]
[SourceVersion "1"]
[SourceVersionDate "2022.10.05"]
[SourceQuality "1"]

1. e4 c5 2. Nf3 Nc6 3. d4 cxd4 4. Nxd4 e5 5. Nb5 d6 6. N1c3 a6 7. Na3 b5 8. Nd5 Nge7 9. Bg5 h6 10. Bxe7 Bxe7 11. c3 0-0 12. Be2 Be6 13. 0-0 Bxd5 14. Qxd5 Qb6 15. Nc2 Rfd8 16. Rad1 Rac8 17. Rd3 Na5 18. Bh5 Rf8 19. Rf3 Bf6 20. Ne3 Qc7 21. Rd1 Rcd8 22. Qd3 Bg5 23. Nd5 Qb7 24. Nb4 Nc4 25. Qd5 Qxd5 26. Rxd5 Ra8 27. b3 Nd2 28. Rfd3 Nxe4 29. Bf3 f5 30. Rxd6 Nxd6 31. Bxa8 Rxa8 32. Rxd6 a5 33. Nc6 a4 34. b4 Rc8 35. g3 Rc7 36. Kg2 Bf6 37. h3 h5 38. h4 Kf7 39. Kg1 g6 40. Nd8+ Bxd8 41. Rxd8 Rxc3 42. Rd5 e4 43. Rxb5 Ra3 44. Ra5 Rxa2 45. b5 Rb2 46. Rxa4 Rxb5 47. Ra7+ Kf6 48. Ra6+ Kg7 49. Ra7+ Kh6 50. Kg2 Rb6 51. Ra5 Rf6 52. f3 Re6 53. fxe4 Rxe4 54. Ra6 Kg7 55. Kf3 Kf7 56. Ra7+ Kf6 57. Ra6+ Re6 58. Rxe6+ Kxe6 59. Kf4 Kf6 60. Ke3 Ke5 61. Kf3 f4 62. g4 hxg4+ 63. Kxg4 Ke4 64. Kg5 f3 65. Kxg6 f2 66. h5 f1Q 67. h6 Qf8 68. Kh7 Ke5 69. Kg6 Qh8 0-1

[Event "Nordic-ch U11"]
[Site "Torshavn"]
[Date "2021.09.12"]
[Round "5"]
[White "Jaakkola, Niklas"]
[Black "Myagmarsuren, Evsuld"]
[Result "1/2-1/2"]
[WhiteElo "1759"]
[BlackElo "1678"]
[PlyCount "73"]
[EventDate "2021.09.10"]
[EventType "swiss"]
[EventRounds "6"]
[EventCountry "FAI"]
[SourceTitle "EXT 2023"]
[Source "ChessBase"]
[SourceDate "2022.10.05"]
[SourceVersion "1"]
[SourceVersionDate "2022.10.05"]
[SourceQuality "1"]

1. e4 c5 2. Nf3 d6 3. d4 cxd4 4. Nxd4 Nf6 5. Nc3 a6 6. Be3 e5 7. Nb3 Be6 8. f3 Be7 9. Qd2 Nbd7 10. 0-0-0 Rc8 11. g4 Qc7 12. g5 Nh5 13. Kb1 b5 14. Qf2 0-0 15. Rg1 Rfd8 16. Bh3 b4 17. Nd5 Bxd5 18. Rxd5 Nf4 19. Bxf4 exf4 20. Qd2 Nb6 21. Bxc8 Nxd5 22. Qxd5 Rxc8 23. Rc1 g6 24. h4 Bf8 25. c4 bxc3 26. Rxc3 Qd7 27. Rxc8 Qxc8 28. Qd2 Qc4 29. Qxf4 Qd3+ 30. Kc1 Qf1+ 31. Kc2 Qf2+ 32. Nd2 Qc5+ 33. Kd1 Qd4 34. Qf6 Qa4+ 35. Kc1 Qxa2 36. f4 Qa1+ 37. Nb1 1/2-1/2

[Event "Nordic-ch U11"]
[Site "Torshavn"]
[Date "2021.09.11"]
[Round "3"]
[White "Jaakkola, Niklas"]
[Black "Asikainen, Eeli"]
[Result "1/2-1/2"]
[WhiteElo "1759"]
[BlackElo "1721"]
[PlyCount "105"]
[EventDate "2021.09.10"]
[EventType "swiss"]
[EventRounds "6"]
[EventCountry "FAI"]
[SourceTitle "EXT 2023"]
[Source "ChessBase"]
[SourceDate "2022.10.05"]
[SourceVersion "1"]
[SourceVersionDate "2022.10.05"]
[SourceQuality "1"]

1. e4 e5 2. Nf3 Nc6 3. Bb5 a6 4. Ba4 Bc5 5. 0-0 Nge7 6. c3 Ng6 7. d4 Ba7 8. Bg5 f6 9. Be3 0-0 10. Nbd2 d6 11. h3 Kh8 12. Bc2 exd4 13. Nxd4 Nxd4 14. Bxd4 f5 15. Bxa7 Rxa7 16. exf5 Bxf5 17. Bxf5 Rxf5 18. Ne4 Ra8 19. Ng3 Rf8 20. c4 Nf4 21. b3 Qf6 22. Nh5 Nxh5 23. Qxh5 Rae8 24. Qd1 Re6 25. Qd2 Rfe8 26. Rae1 h6 27. Rxe6 Qxe6 28. Qd4 Qe5 29. Qd2 Re7 30. a4 b5 31. axb5 axb5 32. cxb5 Qxb5 33. Qc2 d5 34. Rc1 Qb4 35. Kf1 Qf4 36. Kg1 Qb4 37. Kf1 c5 38. Qf5 Qd2 39. Ra1 Re8 40. g3 Qe2+ 41. Kg2 Qb2 42. Ra7 Qd4 43. Rd7 Qe4+ 44. Qxe4 dxe4 45. Rd5 e3 46. Kf1 Rf8 47. f4 Rb8 48. Rxc5 Rxb3 49. Ke2 Kh7 50. Rc6 h5 51. Re6 h4 52. g4 Rb2+ 53. Kd3 1/2-1/2

[Event "Nordic-ch U11"]
[Site "Torshavn"]
[Date "2021.09.10"]
[Round "2"]
[White "Sandmann, Villads Majvang"]
[Black "Jaakkola, Niklas"]
[Result "0-1"]
[WhiteElo "1563"]
[BlackElo "1759"]
[PlyCount "98"]
[EventDate "2021.09.10"]
[EventType "swiss"]
[EventRounds "6"]
[EventCountry "FAI"]
[SourceTitle "EXT 2023"]
[Source "ChessBase"]
[SourceDate "2022.10.05"]
[SourceVersion "1"]
[SourceVersionDate "2022.10.05"]
[SourceQuality "1"]

1. e4 c5 2. Nf3 Nc6 3. d4 cxd4 4. Nxd4 e5 5. Nb5 d6 6. c4 Be7 7. N1c3 a6 8. Na3 Be6 9. Nc2 Nf6 10. Be2 Rc8 11. 0-0 0-0 12. Be3 Na5 13. b3 b5 14. Nd5 Bxd5 15. exd5 bxc4 16. b4 Nb7 17. Na3 a5 18. Nxc4 axb4 19. Nb6 Rb8 20. Nc4 Na5 21. Rb1 Nxc4 22. Bxc4 Qa5 23. Qb3 Ne4 24. Rb2 Rb7 25. a3 Rfb8 26. Ra1 Nc5 27. Bxc5 Qxc5 28. a4 e4 29. Rc2 Qd4 30. Rb1 Bd8 31. Bb5 Ba5 32. Rc4 Qe5 33. Rbc1 g6 34. g3 Kg7 35. Rc6 Re7 36. Ra6 Bb6 37. Kf1 Bc5 38. Rxc5 dxc5 39. d6 Re6 40. d7 Rxa6 41. Bxa6 Rd8 42. Bc8 Kf8 43. Kg2 Qc7 44. Qb2 Kg8 45. Qe2 c4 46. Qxe4 c3 47. Qe8+ Kg7 48. Qe4 c2 49. Qd4+ Kg8 0-1

[Event "Nordic Youth-ch U11"]
[Site "Fredericia"]
[Date "2020.02.14"]
[Round "1"]
[White "Jaakkola, Niklas"]
[Black "Samuelsen, Brestir"]
[Result "1-0"]
[WhiteElo "1678"]
[BlackElo "1191"]
[PlyCount "35"]
[EventDate "2020.02.14"]
[EventType "swiss"]
[EventRounds "6"]
[EventCountry "DEN"]
[SourceTitle "EXT 2025"]
[Source "ChessBase"]
[SourceDate "2024.10.14"]
[SourceVersion "1"]
[SourceVersionDate "2024.10.14"]
[SourceQuality "1"]

1. e4 e5 2. Nf3 Nc6 3. Bb5 a6 4. Ba4 Bc5 5. 0-0 Nf6 6. Re1 0-0 7. c3 d6 8. h3 Be6 9. d4 exd4 10. cxd4 Bb4 11. Nc3 Bd7 12. a3 Ba5 13. b4 Bb6 14. Bg5 h6 15. Bxf6 Qxf6 16. Nd5 Qg6 17. Bxc6 bxc6 18. Ne7+ 1-0

[Event "EU-ch U10"]
[Site "Bratislava"]
[Date "2019.08.10"]
[Round "9"]
[White "Jaakkola, Niklas"]
[Black "Shearsby, Jude"]
[Result "1-0"]
[WhiteElo "1689"]
[BlackElo "1532"]
[PlyCount "81"]
[EventDate "2019.08.02"]
[EventType "swiss"]
[EventRounds "9"]
[EventCountry "SVK"]
[SourceTitle "EXT 2020"]
[Source "ChessBase"]
[SourceDate "2019.10.17"]
[SourceVersion "1"]
[SourceVersionDate "2019.10.17"]
[SourceQuality "1"]

1. e4 Nc6 2. Nf3 d6 3. d4 Nf6 4. Nc3 g6 5. d5 Nb8 6. h3 Bg7 7. Bc4 0-0 8. 0-0 c6 9. a4 cxd5 10. exd5 e5 11. dxe6 fxe6 12. Re1 d5 13. Bb3 Nc6 14. Bg5 Bd7 15. Qd2 Na5 16. Ba2 Rc8 17. Rad1 Nc4 18. Bxc4 Rxc4 19. Bxf6 Qxf6 20. Nxd5 exd5 21. Qxd5+ Qf7 22. Qxd7 Rc7 23. Qxf7+ Rcxf7 24. b3 Rc7 25. c4 h6 26. Nd4 Bxd4 27. Rxd4 Kg7 28. Re6 Rcf7 29. Rdd6 Rf6 30. Rxf6 Rxf6 31. Rd7+ Rf7 32. Rxf7+ Kxf7 33. f4 Ke6 34. Kf2 Kf5 35. Kf3 a5 36. g4+ Ke6 37. Ke4 b6 38. f5+ gxf5+ 39. gxf5+ Kf6 40. h4 h5 41. Kf4 1-0

[Event "EU-ch U10"]
[Site "Bratislava"]
[Date "2019.08.09"]
[Round "8"]
[White "Sava, Robert Gabriel"]
[Black "Jaakkola, Niklas"]
[Result "0-1"]
[WhiteElo "1400"]
[BlackElo "1689"]
[PlyCount "140"]
[EventDate "2019.08.02"]
[EventType "swiss"]
[EventRounds "9"]
[EventCountry "SVK"]
[SourceTitle "EXT 2020"]
[Source "ChessBase"]
[SourceDate "2019.10.17"]
[SourceVersion "1"]
[SourceVersionDate "2019.10.17"]
[SourceQuality "1"]

1. e4 c5 2. Nc3 Nc6 3. g3 g6 4. Bg2 Bg7 5. d3 e6 6. Be3 d6 7. Qd2 Nge7 8. Nge2 Nd4 9. 0-0 0-0 10. Nd1 Nec6 11. c3 Nxe2+ 12. Qxe2 e5 13. Qd2 Bd7 14. f4 f6 15. h3 Qe7 16. Rc1 a6 17. Kh2 b5 18. Nf2 Rac8 19. Nh1 Rb8 20. g4 a5 21. Ng3 b4 22. f5 g5 23. Nh5 Rfc8 24. Bxg5 Qf7 25. Bh6 Bh8 26. Rg1 Qxa2 27. Ra1 bxc3 28. Qxc3 Qb3 29. Qe1 Be8 30. Qh4 Bxh5 31. gxh5 Kf7 32. Bc1 Qxd3 33. Ra3 Rb3 34. Bf1 Qc2+ 35. Rg2 Qxc1 36. Rxb3 Qxf1 37. Rb7+ Ne7 38. Rf2 Qa6 39. Rb3 h6 40. Rg3 Qc4 41. Rg4 d5 42. exd5 Qxd5 43. Ra4 c4 44. Qg4 Qb5 45. Ra1 c3 46. bxc3 Rxc3 47. Qe2 Qxe2 48. Rxe2 Nxf5 49. Rxa5 Bg7 50. Ra7+ Ke6 51. Rb2 Bf8 52. Rb6+ Bd6 53. Ra5 e4+ 54. Kg2 Rg3+ 55. Kf1 Rxh3 56. Rxf5 Kxf5 57. Rxd6 Rxh5 58. Ra6 Kg5 59. Ke2 f5 60. Ke3 Rh3+ 61. Kd4 Rd3+ 62. Ke5 e3 63. Ra1 Kg4 64. Ra4+ Kg3 65. Kxf5 e2 66. Rg4+ Kf2 67. Rh4 e1Q 68. Rxh6 Rd5+ 69. Kf4 Qe3+ 70. Kg4 Qg3# 0-1

[Event "Wch U08"]
[Site "Santiago de Compostela"]
[Date "2018.11.14"]
[Round "10"]
[White "Jaakkola, Niklas"]
[Black "Usov, Aleksandr E"]
[Result "0-1"]
[WhiteElo "1469"]
[BlackElo "1640"]
[PlyCount "74"]
[EventDate "2018.11.04"]
[EventType "swiss"]
[EventRounds "11"]
[EventCountry "ESP"]
[SourceTitle "EXT 2022"]
[Source "ChessBase"]
[SourceDate "2021.10.06"]
[SourceVersion "1"]
[SourceVersionDate "2021.10.06"]
[SourceQuality "1"]

1. e4 c6 2. d4 d5 3. exd5 cxd5 4. c4 Nf6 5. Bg5 Ne4 6. Bf4 e6 7. Nf3 Bb4+ 8. Nbd2 Nxd2 9. Bxd2 Bxd2+ 10. Qxd2 dxc4 11. Bxc4 0-0 12. 0-0 Nd7 13. Rac1 Nf6 14. Bd3 b6 15. b3 Bb7 16. Be2 Qd6 17. Rfd1 Rfd8 18. Ne5 Rac8 19. Bf3 Bd5 20. Bxd5 Nxd5 21. Nf3 Qf4 22. Qxf4 Nxf4 23. Kf1 Nd5 24. a3 Nc3 25. Rd2 Nb5 26. Rxc8 Rxc8 27. a4 Rc1+ 28. Ke2 Nc3+ 29. Kd3 Nd5 30. g3 Rc3+ 31. Ke2 Rxb3 32. Rc2 g6 33. Nd2 Ra3 34. Rc4 Nc3+ 35. Kd3 Nxa4+ 36. Kc2 b5 37. Rb4 a6 0-1

[Event "Wch U08"]
[Site "Santiago de Compostela"]
[Date "2018.11.07"]
[Round "3"]
[White "Jaakkola, Niklas"]
[Black "Grooten, Tommy"]
[Result "0-1"]
[WhiteElo "1469"]
[BlackElo "1649"]
[PlyCount "66"]
[EventDate "2018.11.04"]
[EventType "swiss"]
[EventRounds "11"]
[EventCountry "ESP"]
[SourceTitle "EXT 2022"]
[Source "ChessBase"]
[SourceDate "2021.10.06"]
[SourceVersion "1"]
[SourceVersionDate "2021.10.06"]
[SourceQuality "1"]

1. Nf3 d5 2. g3 c5 3. Bg2 Nc6 4. 0-0 Nf6 5. d3 e5 6. Nbd2 Bd6 7. e4 d4 8. Nc4 Bc7 9. a4 Be6 10. b3 0-0 11. Ne1 Nd7 12. f4 Qe7 13. f5 Bxc4 14. bxc4 Kh8 15. Qf3 Ba5 16. Qf2 Bc3 17. Ra3 Bb4 18. Ra2 f6 19. Bd2 Nb6 20. Nf3 Bxd2 21. Qxd2 Qd7 22. Rfa1 Nb4 23. Ra3 Rac8 24. g4 Nc6 25. h4 g6 26. a5 Na8 27. Qh6 Qg7 28. Qxg7+ Kxg7 29. Rb3 Rb8 30. Rb5 Nb4 31. Rxc5 Nxc2 32. Rb1 Ne3 33. Rc7+ Nxc7 0-1

[Event "EU-ch U08 28th"]
[Site "Riga"]
[Date "2018.08.26"]
[Round "6"]
[White "Zverev, Lev"]
[Black "Jaakkola, Niklas"]
[Result "1/2-1/2"]
[WhiteElo "1682"]
[BlackElo "1352"]
[PlyCount "146"]
[EventDate "2018.08.20"]
[EventType "swiss"]
[EventRounds "9"]
[EventCountry "LAT"]
[SourceTitle "CBM 186 Extra"]
[Source "ChessBase"]
[SourceDate "2018.08.24"]
[SourceVersion "1"]
[SourceVersionDate "2018.08.24"]
[SourceQuality "1"]

1. e4 d6 2. d4 Nf6 3. Nc3 g6 4. f3 c5 5. dxc5 dxc5 6. Qxd8+ Kxd8 7. Be3 e5 8. 0-0-0+ Nbd7 9. Bc4 Ke7 10. Bg5 Bg7 11. Nd5+ Kf8 12. Bb5 h6 13. Be3 b6 14. Nc7 Rb8 15. Ne2 Ke7 16. Nc3 Bb7 17. Rd2 Rbc8 18. Bxd7 Rxc7 19. Bh3 a6 20. Na4 g5 21. Bf5 Rd8 22. Rxd8 Kxd8 23. Rd1+ Ke8 24. Nxb6 Bf8 25. Nc4 Nd7 26. Bxd7+ Rxd7 27. Nxe5 Rxd1+ 28. Kxd1 Bd6 29. Ng4 Bf8 30. Kd2 Bc8 31. Nf6+ Kd8 32. Kd3 Kc7 33. g3 Kc6 34. f4 gxf4 35. gxf4 Bg7 36. Nd5 Be6 37. Nc3 Bg4 38. f5 Be5 39. Bxh6 Bxh2 40. Bg7 Bh3 41. Ke3 Bg4 42. Nd5 Bh3 43. Nf4 Bg4 44. Ne2 Kd6 45. Bc3 Kc6 46. Kf2 Kd7 47. Bf6 Kd6 48. Ng3 Bd1 49. Kg2 Bxg3 50. Kxg3 Bxc2 51. Kf4 Bb1 52. a3 Ba2 53. Bg7 Ke7 54. Ke5 Bb3 55. Bf6+ Kd7 56. Bg5 a5 57. Be3 a4 58. Bxc5 Ba2 59. Kf6 Bb3 60. Bd4 Ke8 61. e5 Kf8 62. Bc5+ Ke8 63. Kg7 Bc4 64. b4 axb3 65. Bd4 Kd7 66. Bb2 Kc6 67. Kf6 Kd7 68. a4 Kc6 69. Ke7 Kc5 70. Bc3 b2 71. Bxb2 Kb4 72. e6 Bxe6 73. fxe6 fxe6 1/2-1/2